100 Biggest Cities in South Dakota on a Map - Statistics

General Stats
  • This quiz has been taken 9 times
  • The average score is 21 of 100
Answers on the Map
Answers color-coded by a green-red scale on the quiz's map according to % correct below.
 
Answer Stats
Population City % Correct
74,730 Rapid City
100%
192,721 Sioux Falls
100%
14,093 Pierre
75%
28,495 Aberdeen
63%
23,382 Brookings
50%
1,950 Custer
50%
1,152 Deadwood
50%
15,671 Mitchell
50%
3,044 North Sioux City
50%
7,093 Sturgis
50%
11,704 Vermillion
50%
5,624 Belle Fourche
38%
11,849 Box Elder
38%
11,039 Brandon
38%
2,120 Fort Pierre
38%
14,254 Huron
38%
12,200 Spearfish
38%
1,915 Springfield
38%
5,598 Tea
38%
22,660 Watertown
38%
15,441 Yankton
38%
3,026 Blackhawk
25%
3,069 Canton
25%
924 Centerville
25%
2,471 Chamberlain
25%
3,980 Dell Rapids
25%
1,065 De Smet
25%
2,149 Elk Point
25%
2,375 Flandreau
25%
6,738 Harrisburg
25%
873 Hill City
25%
3,396 Hot Springs
25%
2,981 Lead
25%
6,193 Madison
25%
849 Marion
25%
3,260 Mobridge
25%
1,282 Oglala
25%
764 Philip
25%
3,138 Pine Ridge
25%
1,296 Platte
25%
925 Porcupine
25%
1,455 Rosebud
25%
2,481 Sisseton
25%
2,910 Winner
25%
822 Alcester
13%
830 Antelope
13%
1,050 Aurora
13%
2,176 Beresford
13%
1,148 Clark
13%
4,020 Dakota Dunes
13%
809 Eureka
13%
1,224 Fort Thompson
13%
1,335 Freeman
13%
1,228 Garretson
13%
1,227 Gregory
13%
3,351 Hartford
13%
943 Kyle
13%
2,420 Lennox
13%
936 Martin
13%
3,548 Milbank
13%
1,345 Miller
13%
1,153 Mission
13%
2,366 North Spearfish
13%
1,194 Parker
13%
1,562 Parkston
13%
1,033 Piedmont
13%
767 Plankinton
13%
8,098 Rapid Valley
13%
2,209 Redfield
13%
1,332 Salem
13%
791 Scotland
13%
2,968 Summerset
13%
1,055 Tyndall
13%
808 Viborg
13%
1,486 Wagner
13%
770 Wessington Springs
13%
893 Whitewood
13%
927 Worthing
13%
776 Agency Village
0%
918 Arlington
0%
1,249 Baltic
0%
1,213 Britton
0%
1,218 Clear Lake
0%
1,903 Colonial Pine Hills
0%
1,368 Crooks
0%
1,257 Eagle Butte
0%
758 Elkton
0%
746 Estelline
0%
829 Faulkton
0%
1,105 Gettysburg
0%
1,051 Green Valley
0%
1,385 Groton
0%
851 Howard
0%
927 Ipswich
0%
829 Lake Madison
0%
1,153 Lemmon
0%
1,879 North Eagle Butte
0%
881 Valley Springs
0%
2,105 Volga
0%
1,725 Webster
0%
No matching quizzes found
Score Distribution
Percent of People with Each Score
Percentile by Number Answered
Your Score History
You have not taken this quiz